1527 1095 1843 1630 1762 1726 1465 1699 1886 1693 1127 1640 1575 1206 1326 1460 1352 1930 1107 1049 1428 1935 1620 1041 1113 1894 1255 1877 1979 1100 1269 1159 1116 1817 1648 1093 1640 1969 1662 1765 1744 1016 1191 1829 1975 1476 1489 1866 1724 1830 1548 1447 1952 1447 1425 1389 1871 1167 1298 1232 1926 1517 1343 1020 1064 1438 1774 1799 1299 1339 1459 1893 1134 1392 1057 1705 1332 1397 1604 1741 1267 1279 1063 1767 1325 1086 1836 1114 1039 1402 1131 1079 1329 1138 1894 1601 1058 1202 1959 BCNSPRNW ULIB Ver.6.0+V

เปลี่ยนเป็นภาษาไทย

Change to English
 แสดงรายละเอียดบรรณานุกรม
  กลับหน้าหลัก

Brief Record : Get Marc (ISO 2709) : E-mail record : QR code < ปิดหน้าต่าง
LEADER : 00000nam 2200000uu 4500
001    13399127159
003     ULIB
008    191018s2562||||th 000 0 tha d
020 ^- ^a9786167735962
050 ^- ^aนว.^bก831บ
100 0^ ^aเก้าแต้ม.
245 10 ^aบุษราอาฆาต /^cเก้าแต้ม.
250 ^- ^aพิมพ์ครั้งที่ 1.
260 ^- ^aกรุงเทพฯ :^bกรู๊ฟ พับลิชชิ่ง,^c2562
300 ^- ^a480 หน้า.
945    ^p390^l0^i006346
999    ^aประนอม เกษจรัล
รายการนี้ยังไม่มีแท็ก
คุณยังไม่ได้ล็อกอิน คุณสามารถมีกิจกรรมร่วมกับเว็บไซต์ได้ แต่ต้องล็อกอินก่อน ::
  ล็อกอิน

รายการสื่อสารสนเทศ

ลำดับที่ ประเภท เลขเรียก/บาร์โค้ด สถานที่ สถานะ
1. นวนิยาย
นวนิยาย
นว. ก831บ ฉ.1 
  Barcode: 006346
ห้องสมุดวิทยาเขตนครสวรรค์
►นวนิยาย:l:Fiction
บนชั้น

รายการใกล้เคียง
    ผู้แต่ง [เก้าแต้ม.]

BibComment


ยังไม่เคยถูกคอมเมนท์

คอมเมนท์ทรัพยากรรายการนี้
  คอมเมนท์: บุษราอาฆาต เก้า..


 Copyright 2026. Bcnsprnw @Library